[Event "47th GRE-chT 2019"]
[Site "Patra"]
[Date "2019.07.05"]
[Round "5.11"]
[White "Tilicheev, Viacheslav"]
[Black "Vallejo Pons, Francisco"]
[Result "1/2-1/2"]
[WhiteElo "2525"]
[BlackElo "2687"]
[Annotator "TA"]
[PlyCount "137"]
[EventDate "2019.07.02"]
[EventCountry "GRE"]
[SourceTitle "playchess.com"]
[Source "ChessBase"]
[SourceQuality "1"]

{[%evp 9,137,25,28,26,14,22,19,25,48,17,17,14,56,39,52,50,66,53,53,31,43,31,31,31,37,7,20,13,17,22,27,0,0,0,0,-4,-4,-4,-4,-4,-4,-4,-4,-4,-4,-4,-4,-29,-29,-29,0,-8,-4,-4,-4,-4,-4,-4,-4,-16,-8,-18,-2,-4,-18,-18,-2,-32,-32,-164,0,0,0,0,0,0,0,0,0,0,0,0,0,0,0,0,0,0,0,0,0,0,0,0,0,0,0,0,0,0,0,0,0,0,0,0,0,0,0,0,0,0,0,0,0,0,0,0,0,0,0,0,0,0,0,0,0,0,0,0]} 1. Nf3 d5 2. d4 e6 3. c4 a6 4. cxd5 exd5 5. Nc3 c6 (5... h6 6. Bf4 Nf6 7. e3 Bd6 8. Bxd6 Qxd6 9. Qc2 O-O 10. Bd3 Re8 11. h3 Be6 12. O-O Nbd7 13. a4 {½-½ (40) Shankland,S (2725)-Carlsen,M (2835) Wijk aan Zee 2019}) 6. e4 {D31: Queen's Gambit Declined: Semi-Slav without ...Nf6 (+ Marshall Gambit and Noteboom) and Exchange Variation lines without ...Nf6} dxe4 7. Ng5 h6 8. Ngxe4 Be6 $146 ({Predecessor:} 8... Nf6 9. Nxf6+ Qxf6 10. Bc4 Bd6 11. Ne4 Bb4+ 12. Bd2 Bxd2+ 13. Qxd2 {½-½ (31) Svane,R (2552)-Vallejo Pons,F (2711) Germany 2017}) 9. Be2 Nf6 10. O-O Nbd7 11. Bf4 Nxe4 12. Nxe4 Nf6 13. Nxf6+ $1 gxf6 14. Bf3 Bd6 15. Qd2 Qc7 16. Bxd6 Qxd6 17. Qc3 Rd8 18. d5 Bxd5 19. Bxd5 cxd5 20. Rfe1+ Kf8 21. Qb3 Kg7 22. Rad1 Rhe8 23. Rxe8 Rxe8 24. Qxb7 $11 {[%mdl 4096] Endgame KQR-KQR} Re2 25. Qb3 Qe5 {( -> ...Re1+)} 26. Qg3+ Qxg3 27. hxg3 Rxb2 28. Rxd5 Rxa2 {KR-KR} 29. g4 Re2 30. Rd7 Re5 31. Ra7 a5 32. f3 f5 33. gxf5 Rxf5 34. Kf2 h5 35. Ke3 Rb5 36. Kf4 Kg6 37. Kg3 f6 38. Kh4 Rb4+ 39. g4 {[#]} (39. Kg3 $15) 39... a4 $2 ({Black should try} 39... Ra4 $1 $19 {aiming for ...hxg4.} 40. Ra8 hxg4 41. fxg4 f5 42. Ra6+ Kf7) 40. Ra5 {The position is equal.} hxg4 41. fxg4 Rc4 42. Ra6 Rd4 43. Ra5 Kf7 44. Kg3 Kg6 45. Kh4 Rb4 46. Ra6 Kf7 {Threatens to win with ...f5.} 47. Kg3 Rc4 48. Kf3 Ke7 49. Kg3 Rb4 50. Kf3 Rd4 51. Kg3 Rd3+ 52. Kf4 a3 53. Kf5 Rf3+ 54. Ke4 Rc3 55. Kf5 Rf3+ 56. Ke4 Rh3 57. Kf5 Kd7 58. Ra7+ Kd6 59. Kxf6 Rf3+ 60. Kg6 Kc5 61. g5 Kb4 62. Kg7 Kb3 63. g6 a2 64. Kg8 Kb2 {[#] And now ...Ra3 would win.} 65. Rxa2+ $1 {[%mdl 512]} Kxa2 66. g7 Ka3 67. Kh7 Rg3 68. g8=Q Rxg8 69. Kxg8 {Accuracy: White = 69%, Black = 52%.} 1/2-1/2

[Event "47th GRE-chT 2019"]
[Site "Patra"]
[Date "2019.07.05"]
[Round "5.12"]
[White "Martinovic, Sasa"]
[Black "Gouloutis, Nikolaos"]
[Result "1/2-1/2"]
[WhiteElo "2560"]
[BlackElo "2367"]
[Annotator "ChessBase"]
[PlyCount "183"]
[EventDate "2019.07.02"]
[EventCountry "GRE"]
[SourceTitle "playchess.com"]
[Source "ChessBase"]
[SourceQuality "1"]
[TimeControl "5400+30"]

1. d4 {[%emt 0:00:00]} Nf6 {[%emt 0:00:00]} 2. c4 {[%emt 0:00:00]} e6 {[%emt 0:00:00]} 3. Nf3 {[%emt 0:00:00]} Bb4+ {[%emt 0:01:02]} 4. Nbd2 {[%emt 0:00:00]} b6 {[%emt 0:02:04]} 5. a3 {[%emt 0:00:00]} Bxd2+ {[%emt 0:00:05]} 6. Qxd2 {[%emt 0:00:00]} Bb7 {[%emt 0:00:09]} 7. e3 {[%emt 0:00:00]} O-O {[%emt 0:01:59]} 8. Be2 {[%emt 0:00:02]} d6 {[%emt 0:00:11]} 9. O-O {[%emt 0:00:07]} Nbd7 {[%emt 0:00:34]} 10. b4 {[%emt 0:00:07]} Qe7 {[%emt 0:17:57]} 11. Bb2 {[%emt 0:00:05]} c5 {[%emt 0:00:10]} 12. Rfd1 {[%emt 0:00:23]} Rfd8 {[%emt 0:00:56]} 13. dxc5 {[%emt 0:08:55]} dxc5 {[%emt 0:00:07]} 14. Qc3 {[%emt 0:00:07]} Qf8 {[%emt 0:10:34]} 15. b5 {[%emt 0:06:02]} h6 {[%emt 0:12:17]} 16. Nd2 {[%emt 0:05:26]} Ne4 {[%emt 0:04:54]} 17. Nxe4 {[%emt 0:03:05]} Bxe4 {[%emt 0:00:15]} 18. Rd2 {[%emt 0:00:38]} f6 {[%emt 0:05:14]} 19. f3 {[%emt 0:02:05]} Bg6 {[%emt 0:03:53]} 20. f4 {[%emt 0:03:31]} Be4 {[%emt 0:05:44]} 21. Rad1 {[%emt 0:00:04]} Qe7 {[%emt 0:00:17]} 22. Bd3 {[%emt 0:01:12]} Bb7 {[%emt 0:00:15]} 23. Bc2 {[%emt 0:02:51]} Nf8 {[%emt 0:00:40]} 24. e4 {[%emt 0:05:41]} Rxd2 {[%emt 0:06:18]} 25. Qxd2 {[%emt 0:17:48]} Kf7 {[%emt 0:00:07]} 26. h4 {[%emt 0:10:29]} Ke8 {[%emt 0:01:45]} 27. Qe2 {[%emt 0:00:45]} Qf7 {[%emt 0:00:30]} 28. Qd2 {[%emt 0:07:34]} Qe7 {[%emt 0:01:43]} 29. Kf2 {[%emt 0:04:12]} Rd8 {[%emt 0:00:12]} 30. Qxd8+ {[%emt 0:00:24]} Qxd8 {[%emt 0:00:06]} 31. Rxd8+ {[%emt 0:00:01]} Kxd8 {[%emt 0:00:09]} 32. g4 {[%emt 0:00:19]} Nd7 {[%emt 0:02:10]} 33. e5 {[%emt 0:04:14]} fxe5 {[%emt 0:00:48]} 34. fxe5 {[%emt 0:00:01]} Ke7 {[%emt 0:01:38]} 35. h5 {[%emt 0:02:39]} Nf8 {[%emt 0:03:02]} 36. Bc1 {[%emt 0:01:58]} Ke8 {[%emt 0:00:55]} 37. Kg3 {[%emt 0:01:15]} Ba8 {[%emt 0:01:40]} 38. a4 {[%emt 0:01:49]} Kf7 {[%emt 0:02:46]} 39. g5 {[%emt 0:02:18]} hxg5 {[%emt 0:00:35]} 40. Bxg5 {[%emt 0:00:00]} Ke8 {[%emt 0:00:00]} 41. Bd3 {[%emt 0:00:00]} Bb7 {[%emt 0:00:00]} 42. Kf4 {[%emt 0:00:00]} Bg2 {[%emt 0:00:00]} 43. Bh4 {[%emt 0:00:00]} Bb7 {[%emt 0:00:00]} 44. Be1 {[%emt 0:00:00]} Kf7 {[%emt 0:00:00]} 45. a5 {[%emt 0:00:00]} Ba8 {[%emt 0:00:00]} 46. axb6 {[%emt 0:00:00]} axb6 {[%emt 0:00:00]} 47. Bh4 {[%emt 0:00:00]} Ke8 {[%emt 0:00:00]} 48. Kg5 {[%emt 0:00:00]} Bf3 {[%emt 0:00:00]} 49. h6 {[%emt 0:07:40]} gxh6+ {[%emt 0:00:00]} 50. Kxh6 {[%emt 0:01:32]} Nd7 {[%emt 0:00:00]} 51. Bg3 {[%emt 0:01:23]} Kf7 {[%emt 0:00:13]} 52. Bg6+ {[%emt 0:00:27]} Kf8 {[%emt 0:00:07]} 53. Bd3 {[%emt 0:01:43]} Kf7 {[%emt 0:00:04]} 54. Kg5 {[%emt 0:00:22]} Nf8 {[%emt 0:02:24]} 55. Bh4 {[%emt 0:00:38]} Bg2 {[%emt 0:00:41]} 56. Kg4 {[%emt 0:00:43]} Ke8 {[%emt 0:02:41]} 57. Kg3 {[%emt 0:00:28]} Bb7 {[%emt 0:00:06]} 58. Kf4 {[%emt 0:00:03]} Bg2 {[%emt 0:00:28]} 59. Bf6 {[%emt 0:00:42]} Nd7 {[%emt 0:09:34]} 60. Be2 {[%emt 0:00:24]} Nf8 {[%emt 0:03:01]} 61. Kg5 {[%emt 0:02:07]} Be4 {[%emt 0:03:29]} 62. Bh5+ {[%emt 0:03:25]} Kd7 {[%emt 0:00:06]} 63. Bg7 {[%emt 0:00:11]} Ke7 {[%emt 0:02:16]} 64. Bf6+ {[%emt 0:00:53]} Kd7 {[%emt 0:00:08]} 65. Kh6 {[%emt 0:02:32]} Bd3 {[%emt 0:02:37]} 66. Kg7 {[%emt 0:00:24]} Nh7 {[%emt 0:00:13]} 67. Bg6 {[%emt 0:00:58]} Bxc4 {[%emt 0:00:45]} 68. Bxh7 {[%emt 0:00:12]} Bxb5 {[%emt 0:00:04]} 69. Bh4 {[%emt 0:00:29]} Bc4 {[%emt 0:01:17]} 70. Kf6 {[%emt 0:00:53]} Bd5 {[%emt 0:00:24]} 71. Bf2 {[%emt 0:00:22]} Ba2 {[%emt 0:00:37]} 72. Be4 {[%emt 0:00:23]} Bc4 {[%emt 0:00:10]} 73. Bf3 {[%emt 0:00:48]} Ba2 {[%emt 0:00:16]} 74. Be2 {[%emt 0:00:21]} Kc6 {[%emt 0:00:11]} 75. Bf3+ {[%emt 0:00:41]} Kd7 {[%emt 0:00:05]} 76. Kf7 {[%emt 0:00:15]} Bb3 {[%emt 0:00:10]} 77. Bg2 {[%emt 0:00:44]} Bc4 {[%emt 0:00:11]} 78. Kg6 {[%emt 0:00:35]} Bb3 {[%emt 0:00:40]} 79. Kg5 {[%emt 0:00:08]} Bc4 {[%emt 0:00:54]} 80. Bg1 {[%emt 0:00:23]} Bb3 {[%emt 0:00:06]} 81. Bf2 {[%emt 0:00:19]} Bc4 {[%emt 0:00:05]} 82. Kf4 {[%emt 0:00:03]} Bb3 {[%emt 0:00:06]} 83. Bf3 {[%emt 0:00:23]} Bc4 {[%emt 0:00:07]} 84. Ke3 {[%emt 0:00:03]} Bd5 {[%emt 0:00:32]} 85. Bh5 {[%emt 0:00:33]} b5 {[%emt 0:00:53]} 86. Kd3 {[%emt 0:00:30]} Kc6 {[%emt 0:00:39]} 87. Be8+ {[%emt 0:00:03]} Kb6 {[%emt 0:00:04]} 88. Bd7 {[%emt 0:01:13]} Ba2 {[%emt 0:00:13]} 89. Kc3 {[%emt 0:00:31]} Bd5 {[%emt 0:00:06]} 90. Be8 {[%emt 0:00:24]} Ba2 {[%emt 0:00:05]} 91. Bh5 {[%emt 0:00:13]} Bd5 {[%emt 0:00:07]} 92. Be8 {[%emt 0:00:57]} 1/2-1/2

[Event "47th GRE-chT 2019"]
[Site "Patra"]
[Date "2019.07.05"]
[Round "5.12"]
[White "Pancevski, Filip"]
[Black "Postny, Evgeny"]
[Result "0-1"]
[WhiteElo "2514"]
[BlackElo "2601"]
[Annotator "RC"]
[PlyCount "138"]
[EventDate "2019.07.02"]
[EventCountry "GRE"]
[SourceTitle "playchess.com"]
[Source "ChessBase"]
[SourceQuality "1"]
[TimeControl "5400+30"]

1. c4 {[%emt 0:00:01]} e5 {[%emt 0:00:00]} 2. g3 {[%emt 0:00:14]} Nf6 {[%emt 0:00:00]} 3. Bg2 {[%emt 0:00:09]} c6 {[%emt 0:00:00]} 4. Nf3 {[%emt 0:00:45]} e4 {[%emt 0:00:00]} 5. Nd4 {[%emt 0:01:30]} d5 {[%emt 0:00:00]} 6. cxd5 {[%emt 0:00:34]} Qxd5 {[%emt 0:00:03]} 7. Nc2 {[%emt 0:04:46]} Qh5 {[%emt 0:00:44]} 8. h3 {[%emt 0:04:10]} Bd6 {[%emt 0:03:54]} 9. Nc3 {[%emt 0:00:57]} Qg6 {[%emt 0:29:29]} 10. Ne3 {[%emt 0:00:41]} O-O {[%emt 0:00:07]} 11. b3 {[%emt 0:07:07]} Na6 {[%emt 0:06:37]} 12. Bb2 {[%emt 0:01:07]} Re8 {[%emt 0:01:49]} 13. a3 {[%emt 0:09:40]} Nc7 {[%emt 0:03:15]} 14. Qc2 {[%emt 0:02:43]} Bd7 {[%emt 0:05:48]} 15. Nc4 {[%emt 0:03:32]} Bf8 {[%emt 0:01:19]} 16. Nd1 {[%emt 0:14:56]} Be6 {[%emt 0:09:48]} 17. Ne5 {[%emt 0:03:50]} Qh5 {[%emt 0:02:29]} 18. Ne3 {[%emt 0:03:40]} Ncd5 {[%emt 0:22:31]} 19. N3g4 {[%emt 0:02:41]} h6 {[%emt 0:02:11]} 20. Nxf6+ {[%emt 0:00:26]} Nxf6 {[%emt 0:01:38]} 21. Nc4 {[%emt 0:05:04]} Be7 {[%emt 0:00:49]} 22. Qc3 {[%emt 0:04:03]} Bd5 {[%emt 0:02:16]} 23. Rc1 {[%emt 0:09:54]} e3 {[%emt 0:03:00]} 24. O-O {[%emt 0:05:44]} Bxg2 {[%emt 0:00:02]} 25. Kxg2 {[%emt 0:05:27]} exd2 {[%emt 0:00:23]} 26. Qxd2 {[%emt 0:01:40]} Ne4 {[%emt 0:01:33]} 27. Qc2 {[%emt 0:00:33]} Bf8 {[%emt 0:01:45]} 28. h4 {[%emt 0:03:55]} Nxg3 {[%emt 0:00:07]} 29. Kxg3 {[%emt 0:00:06]} Rxe2 {[%emt 0:00:50]} 30. Qd3 {[%emt 0:02:04]} Re6 {[%emt 0:01:42]} 31. Kh2 {[%emt 0:00:50]} b5 {[%emt 0:00:48]} 32. Ne5 {[%emt 0:01:34]} Rxe5 {[%emt 0:00:01]} 33. Bxe5 {[%emt 0:00:04]} Qxe5+ {[%emt 0:00:50]} 34. Qg3 {[%emt 0:00:20]} Qf6 {[%emt 0:00:39]} 35. Rcd1 {[%emt 0:01:15]} Bxa3 {[%emt 0:00:16]} 36. Rfe1 {[%emt 0:00:37]} Bc5 {[%emt 0:00:06]} 37. Kg2 {[%emt 0:00:17]} Bd4 {[%emt 0:00:32]} 38. Re4 {[%emt 0:01:18]} Bxf2 {[%emt 0:00:29]} 39. Qf4 {[%emt 0:00:26]} Qxf4 {[%emt 0:00:00]} 40. Rxf4 {[%emt 0:00:00]} Bb6 {[%emt 0:00:00]} 41. Rd7 {[%emt 0:00:00]} Rf8 {[%emt 0:00:00]} 42. h5 {[%emt 0:00:00]} a5 {[%emt 0:00:00]} 43. Re4 {[%emt 0:00:00]} Ra8 {[%emt 0:00:00]} 44. Ree7 {[%emt 0:00:00]} a4 {[%emt 0:00:00]} 45. Rxf7 {[%emt 0:00:00]} Bd4 {[%emt 0:00:00]} 46. bxa4 {[%emt 0:00:00]} bxa4 {[%emt 0:00:00]} 47. Rfe7 {[%emt 0:00:00]} a3 {[%emt 0:00:00]} 48. Rxd4 {[%emt 0:00:00]} a2 {[%emt 0:00:00]} 49. Re1 {[%emt 0:00:00]} a1=Q {[%emt 0:00:00]} 50. Rxa1 {[%emt 0:00:00]} Rxa1 {[%emt 0:00:00]} 51. Rc4 {[%emt 0:00:00]} Ra5 {[%emt 0:00:00]} 52. Rxc6 {[%emt 0:00:00]} Rxh5 {[%emt 0:00:00]} 53. Rc7 {[%emt 0:00:00]} Rf5 {[%emt 0:00:00]} 54. Kg3 {[%emt 0:00:00]} h5 {[%emt 0:00:00]} 55. Kh4 {[%emt 0:00:00]} Kh7 {[%emt 0:00:00]} 56. Rc6 {[%emt 0:00:00]} g6 {[%emt 0:00:00]} 57. Ra6 {[%emt 0:00:00]} Kh6 {[%emt 0:00:00]} 58. Rb6 {[%emt 0:00:00]} Rf4+ {[%emt 0:00:00]} 59. Kg3 {[%emt 0:00:00]} Ra4 {[%emt 0:00:00]} 60. Rc6 {[%emt 0:00:00]} h4+ {[%emt 0:00:00]} 61. Kh3 {[%emt 0:00:00]} Kh5 {[%emt 0:00:00]} 62. Rc8 {[%emt 0:00:00]} Ra3+ {[%emt 0:00:00]} 63. Kh2 {[%emt 0:00:00]} g5 {[%emt 0:00:00]} 64. Rc2 {[%emt 0:00:00]} h3 {[%emt 0:00:00]} 65. Rc4 {[%emt 0:00:00]} g4 {[%emt 0:00:00]} 66. Rc8 {[%emt 0:00:00]} Ra2+ {[%emt 0:00:00]} 67. Kg3 {[%emt 0:00:00]} Rg2+ {[%emt 0:00:00]} 68. Kf4 {[%emt 0:00:00]} h2 {[%emt 0:00:00]} 69. Rh8+ {[%emt 0:00:00]} Kg6 {[%emt 0:00:00]} 0-1

[Event "47th GRE-chT 2019"]
[Site "Patra"]
[Date "2019.07.05"]
[Round "5.13"]
[White "Grivas, Efstratios"]
[Black "Ioannidis, Evgenios"]
[Result "0-1"]
[WhiteElo "2418"]
[BlackElo "2378"]
[Annotator "NA RC"]
[PlyCount "100"]
[EventDate "2019.07.02"]
[EventCountry "GRE"]
[SourceTitle "playchess.com"]
[Source "ChessBase"]
[SourceQuality "1"]
[TimeControl "5400+30"]

1. c4 {[%emt 0:00:00]} e5 {[%emt 0:00:27]} 2. g3 {[%emt 0:00:00]} Nf6 {[%emt 0:00:36]} 3. Bg2 {[%emt 0:00:00]} h6 {[%emt 0:00:42]} 4. Nc3 {[%emt 0:00:57]} Bb4 {[%emt 0:00:22]} 5. Nf3 {[%emt 0:12:34]} e4 {[%emt 0:03:08]} 6. Nd4 {[%emt 0:01:35]} Nc6 {[%emt 0:02:48]} 7. Nxc6 {[%emt 0:04:31]} dxc6 {[%emt 0:00:18]} 8. Nxe4 {[%emt 0:01:09]} Nxe4 {[%emt 0:00:15]} 9. Bxe4 {[%emt 0:00:05]} Qd4 {[%emt 0:10:50]} 10. Bg2 {[%emt 0:06:12]} Qxc4 {[%emt 0:03:21]} 11. O-O {[%emt 0:00:20]} O-O {[%emt 0:02:12]} 12. d3 {[%emt 0:01:53]} Qb5 {[%emt 0:05:08]} 13. Bd2 {[%emt 0:05:23]} a5 {[%emt 0:02:33]} 14. Bc3 {[%emt 0:04:55]} Re8 {[%emt 0:06:52]} 15. Qd2 {[%emt 0:03:48]} Qh5 {[%emt 0:06:32]} 16. Rfe1 {[%emt 0:02:47]} Bc5 {[%emt 0:08:27]} 17. d4 {[%emt 0:09:36]} Bf8 {[%emt 0:01:50]} 18. e4 {[%emt 0:05:06]} Bg4 {[%emt 0:07:38]} 19. Qf4 {[%emt 0:04:16]} Bd6 {[%emt 0:01:05]} 20. e5 {[%emt 0:00:24]} Bb4 {[%emt 0:11:17]} 21. d5 {[%emt 0:01:51]} Bxc3 {[%emt 0:00:25]} 22. bxc3 {[%emt 0:00:01]} cxd5 {[%emt 0:02:22]} 23. Bxd5 {[%emt 0:00:07]} Bc8 {[%emt 0:03:03]} 24. h4 {[%emt 0:06:19]} c6 {[%emt 0:01:09]} 25. Bf3 {[%emt 0:00:31]} Qf5 {[%emt 0:00:25]} 26. Qe3 {[%emt 0:04:25]} Kh8 {[%emt 0:03:42]} 27. Rad1 {[%emt 0:05:42]} a4 {[%emt 0:01:06]} 28. Bg2 {[%emt 0:06:56]} f6 {[%emt 0:04:22]} 29. f4 {[%emt 0:00:48]} fxe5 {[%emt 0:00:21]} 30. Qc5 {[%emt 0:05:36]} Qc2 {[%emt 0:03:35]} 31. a3 {[%emt 0:00:30]} Bg4 {[%emt 0:00:28]} 32. Rc1 {[%emt 0:00:15]} Qd2 {[%emt 0:02:25]} 33. fxe5 {[%emt 0:00:14]} Rad8 {[%emt 0:00:23]} 34. Qe3 {[%emt 0:03:10]} Qa2 {[%emt 0:02:57]} 35. Qe4 {[%emt 0:01:03]} Be6 {[%emt 0:01:01]} 36. Ra1 {[%emt 0:01:11]} Qb2 {[%emt 0:00:09]} 37. Rab1 {[%emt 0:01:46]} Qxc3 {[%emt 0:00:04]} 38. Re3 {[%emt 0:00:27]} Qc5 {[%emt 0:00:17]} 39. Rbe1 {[%emt 0:01:10]} Bd5 {[%emt 0:00:29]} 40. Qf4 {[%emt 0:00:00]} Rf8 {[%emt 0:00:00]} 41. Qxa4 {[%emt 0:00:00]} Bxg2 {[%emt 0:00:00]} 42. Kxg2 {[%emt 0:00:27]} Rd2+ {[%emt 0:00:00]} 43. Kh3 {[%emt 0:00:00]} Rff2 {[%emt 0:00:00]} 44. Qa8+ {[%emt 0:00:00]} Kh7 {[%emt 0:00:00]} 45. Qe8 {[%emt 0:00:00]} Qc2 {[%emt 0:00:00]} 46. Re4 {[%emt 0:00:00]} Rd3 {[%emt 0:00:00]} 47. R1e3 {[%emt 0:00:29]} Rxe3 {[%emt 0:00:00]} 48. Rxe3 {[%emt 0:00:04]} Qf5+ {[%emt 0:00:00]} 49. g4 {[%emt 0:00:14]} Qf4 {[%emt 0:00:00]} 50. Rg3 {[%emt 0:00:06]} Qe4 {[%emt 0:00:59]} 0-1

[Event "47th GRE-chT 2019"]
[Site "Patra"]
[Date "2019.07.05"]
[Round "5.13"]
[White "Tetepoulidis, Ioannis"]
[Black "Karousos-Theodorakis, Nikolaos"]
[Result "1/2-1/2"]
[WhiteElo "2117"]
[BlackElo "2304"]
[Annotator "NA"]
[PlyCount "138"]
[EventDate "2019.07.02"]
[EventCountry "GRE"]
[SourceTitle "playchess.com"]
[Source "ChessBase"]
[SourceQuality "1"]
[TimeControl "5400+30"]

1. e4 {[%emt 0:02:02]} c5 {[%emt 0:00:00]} 2. Nc3 {[%emt 0:00:03]} Nc6 {[%emt 0:00:00]} 3. f4 {[%emt 0:00:05]} g6 {[%emt 0:00:00]} 4. Nf3 {[%emt 0:00:04]} Bg7 {[%emt 0:00:00]} 5. Bb5 {[%emt 0:00:02]} Nd4 {[%emt 0:00:15]} 6. O-O {[%emt 0:00:05]} a6 {[%emt 0:00:18]} 7. Bd3 {[%emt 0:00:06]} d6 {[%emt 0:03:25]} 8. Nxd4 {[%emt 0:00:53]} cxd4 {[%emt 0:01:26]} 9. Ne2 {[%emt 0:00:04]} Nf6 {[%emt 0:03:12]} 10. c3 {[%emt 0:01:48]} dxc3 {[%emt 0:09:16]} 11. bxc3 {[%emt 0:00:16]} O-O {[%emt 0:04:24]} 12. Rb1 {[%emt 0:03:02]} b5 {[%emt 0:04:05]} 13. Bc2 {[%emt 0:13:16]} e5 {[%emt 0:13:42]} 14. Qe1 {[%emt 0:14:49]} Re8 {[%emt 0:15:50]} 15. d3 {[%emt 0:01:57]} exf4 {[%emt 0:01:08]} 16. Bxf4 {[%emt 0:05:32]} Qb6+ {[%emt 0:06:19]} 17. Kh1 {[%emt 0:15:18]} d5 {[%emt 0:00:51]} 18. e5 {[%emt 0:11:14]} Nh5 {[%emt 0:01:50]} 19. d4 {[%emt 0:00:14]} f6 {[%emt 0:03:53]} 20. Bb3 Bb7 {[%emt 0:00:43]} 21. exf6 {[%emt 0:13:33]} Bxf6 {[%emt 0:02:49]} 22. Qd2 {[%emt 0:09:23]} Qe6 {[%emt 0:08:58]} 23. Rbe1 {[%emt 0:01:19]} Qg4 {[%emt 0:03:36]} 24. Bd1 {[%emt 0:03:50]} Qd7 {[%emt 0:02:31]} 25. Nc1 {[%emt 0:00:36]} Rxe1 {[%emt 0:01:53]} 26. Rxe1 {[%emt 0:00:03]} Nxf4 {[%emt 0:01:42]} 27. Qxf4 {[%emt 0:00:01]} Re8 {[%emt 0:02:37]} 28. Rxe8+ {[%emt 0:00:04]} Qxe8 {[%emt 0:00:02]} 29. Nd3 {[%emt 0:00:13]} Bg7 {[%emt 0:02:52]} 30. Bf3 {[%emt 0:01:08]} h6 {[%emt 0:04:00]} 31. h4 {[%emt 0:01:16]} Qe7 {[%emt 0:00:25]} 32. Nc5 {[%emt 0:01:30]} Kh7 {[%emt 0:00:53]} 33. Nxb7 {[%emt 0:00:20]} Qxb7 {[%emt 0:00:01]} 34. h5 {[%emt 0:00:07]} Qc6 {[%emt 0:02:07]} 35. Qf7 {[%emt 0:01:15]} Qf6 {[%emt 0:01:06]} 36. hxg6+ {[%emt 0:00:27]} Qxg6 {[%emt 0:00:05]} 37. Qxd5 {[%emt 0:00:28]} Qf6 {[%emt 0:00:38]} 38. g3 {[%emt 0:01:42]} a5 {[%emt 0:01:13]} 39. Be4+ {[%emt 0:00:00]} Kh8 {[%emt 0:00:00]} 40. Qxb5 {[%emt 0:00:00]} a4 {[%emt 0:00:00]} 41. Kg2 {[%emt 0:00:00]} a3 {[%emt 0:00:00]} 42. Qf5 {[%emt 0:00:00]} Kg8 {[%emt 0:00:00]} 43. Qd5+ {[%emt 0:00:00]} Kh8 {[%emt 0:00:00]} 44. Qa8+ {[%emt 0:00:00]} Bf8 {[%emt 0:00:00]} 45. Qe8 {[%emt 0:00:00]} Kg7 {[%emt 0:00:00]} 46. Qd7+ {[%emt 0:00:00]} Be7 {[%emt 0:00:00]} 47. c4 {[%emt 0:00:00]} Qg5 {[%emt 0:00:00]} 48. c5 {[%emt 0:00:00]} h5 {[%emt 0:00:00]} 49. Kf3 {[%emt 0:00:00]} Qf6+ {[%emt 0:00:00]} 50. Bf5 {[%emt 0:00:00]} h4 {[%emt 0:00:00]} 51. gxh4 {[%emt 0:00:00]} Qxh4 {[%emt 0:00:00]} 52. Bg4 {[%emt 0:01:12]} Qh1+ {[%emt 0:00:00]} 53. Ke3 {[%emt 0:00:15]} Qc1+ {[%emt 0:00:00]} 54. Ke4 {[%emt 0:01:01]} Qc2+ {[%emt 0:00:00]} 55. Kf4 {[%emt 0:02:42]} Qh2+ {[%emt 0:00:00]} 56. Ke3 {[%emt 0:00:58]} Qg1+ {[%emt 0:00:00]} 57. Ke2 {[%emt 0:00:57]} Qh2+ {[%emt 0:00:00]} 58. Kd3 {[%emt 0:00:25]} Qg3+ 59. Kc4 {[%emt 0:00:31]} Qe1 {[%emt 0:00:00]} 60. Qe6 {[%emt 0:01:35]} Qc1+ {[%emt 0:00:00]} 61. Kb5 {[%emt 0:00:50]} Qb2+ {[%emt 0:00:00]} 62. Kc6 {[%emt 0:00:26]} Bf6 {[%emt 0:00:00]} 63. Qd7+ {[%emt 0:01:12]} Kh6 {[%emt 0:00:00]} 64. Qd6 {[%emt 0:01:16]} Kg5 {[%emt 0:00:00]} 65. Be6 {[%emt 0:00:07]} Bxd4 {[%emt 0:00:00]} 66. Qd5+ {[%emt 0:00:22]} Be5 {[%emt 0:00:00]} 67. Qb3 {[%emt 0:00:53]} Kf6 {[%emt 0:00:00]} 68. Bd5 {[%emt 0:00:28]} Qxb3 {[%emt 0:00:00]} 69. Bxb3 {[%emt 0:00:04]} Ke7 {[%emt 0:00:00]} 1/2-1/2

[Event "47th GRE-chT 2019"]
[Site "Patra"]
[Date "2019.07.05"]
[Round "5.14"]
[White "Balokas, Dimitrios"]
[Black "Exizoglou, Dimitrios"]
[Result "1/2-1/2"]
[WhiteElo "2206"]
[BlackElo "2072"]
[Annotator "RC"]
[PlyCount "61"]
[EventDate "2019.07.02"]
[EventCountry "GRE"]
[SourceTitle "playchess.com"]
[Source "ChessBase"]
[SourceQuality "1"]
[TimeControl "5400+30"]

1. c4 {[%emt 0:00:24]} e5 {[%emt 0:01:28]} 2. Nc3 {[%emt 0:00:08]} Nf6 {[%emt 0:01:07]} 3. Nf3 {[%emt 0:00:27]} Nc6 {[%emt 0:00:06]} 4. g3 {[%emt 0:00:04]} d5 {[%emt 0:00:12]} 5. cxd5 {[%emt 0:00:06]} Nxd5 {[%emt 0:00:06]} 6. Bg2 {[%emt 0:00:05]} Nb6 {[%emt 0:00:08]} 7. O-O {[%emt 0:00:05]} Be7 {[%emt 0:00:07]} 8. Rb1 {[%emt 0:00:04]} a5 {[%emt 0:02:28]} 9. a3 {[%emt 0:00:40]} a4 {[%emt 0:21:17]} 10. d3 {[%emt 0:00:12]} Be6 {[%emt 0:00:06]} 11. Be3 {[%emt 0:02:54]} Bb3 {[%emt 0:00:07]} 12. Qc1 {[%emt 0:00:07]} Nd5 {[%emt 0:00:09]} 13. Nxd5 {[%emt 0:06:32]} Bxd5 {[%emt 0:00:11]} 14. Rd1 {[%emt 0:10:05]} O-O {[%emt 0:00:35]} 15. d4 {[%emt 0:04:03]} Bb3 {[%emt 0:12:26]} 16. Rd2 {[%emt 0:00:41]} exd4 {[%emt 0:00:08]} 17. Nxd4 {[%emt 0:05:18]} Nxd4 {[%emt 0:00:07]} 18. Bxd4 {[%emt 0:00:07]} Qc8 {[%emt 0:00:10]} 19. Qc3 {[%emt 0:00:08]} f6 {[%emt 0:00:13]} 20. Bc5 {[%emt 0:03:43]} Bxc5 {[%emt 0:00:20]} 21. Qxc5 {[%emt 0:00:01]} c6 {[%emt 0:00:11]} 22. Be4 {[%emt 0:04:21]} Re8 {[%emt 0:06:45]} 23. Bc2 {[%emt 0:01:54]} Bd5 {[%emt 0:00:35]} 24. b3 {[%emt 0:05:43]} Qh3 {[%emt 0:02:38]} 25. f3 {[%emt 0:01:58]} Qh6 {[%emt 0:00:05]} 26. Qd4 {[%emt 0:02:19]} Rad8 {[%emt 0:25:08]} 27. Qf4 {[%emt 0:01:50]} Qxf4 {[%emt 0:02:18]} 28. gxf4 {[%emt 0:00:02]} axb3 {[%emt 0:02:25]} 29. Bxb3 {[%emt 0:00:14]} Bxb3 {[%emt 0:00:07]} 30. Rxd8 {[%emt 0:00:09]} Rxd8 {[%emt 0:00:10]} 31. Rxb3 {[%emt 0:00:11]} 1/2-1/2